000 00776nam a2200205Ia 4500
003 OSt
005 20260428142956.0
008 210210b1990 xxu||||| |||| 00| 0 eng d
040 _cAL
041 _aKannada
082 _a294.535K BANT
100 _aBANNANJE BABU AMIN mattu MOHAN KOTYAN.
_dಬನ್ನಂಜೆ ಬಾಬು ಅಮೀನ್ ಮತ್ತು ಮೋಹನ್ ಕೋಟ್ಯಾನ್
_9263061
245 _aTulunada garodigala samskratika adhyayana.
_bತುಳುನಾಡ ಗರೋಡಿಗಳ ಸಾಂಸ್ಕೃತಿಕ ಅಧ್ಯಯನ.
260 _aUdupi
_bShri Bhahmabaidarkala Samskratika Adhyayana Pratishthana
_c1990
300 _a374,xxii
650 _aGarodi
_9263062
690 _aHinduism
_9263063
906 _a044045
942 _2ddc
_cBK
999 _c93492
_d93492